000 00712nam a2200289Ia 4500
005 20260324130638.0
008 008 260324s9999 xx 000 0 eng d
020 _a9780203936092
037 _aEBOOK
040 _aCRL
040 _beng
040 _cCRL
041 _2eng
041 _aeng
084 _qCRL
100 _aHilary White; Deborah Lewis
_91182556
245 0 _aTransferring your Teaching Skills into the Wider World
245 0 _bLife Beyond the Classroom
260 _bTaylor and Francis
260 _c2007
365 _a
365 _b205
856 _uhttp://www.taylorfrancis.com/books/9780203936092
942 _cEBOOK
999 _c1778906
_d1778906